Anime Titles - Statistics

General Stats
  • This quiz has been taken 226 times
  • The average score is 40 of 91
Answer Stats
Title Hints Answer % Correct
Initial _ Initial D
100%
_____ Slayer Demon Slayer
87%
Attack __ Titan Attack on Titan
84%
K-__ K-on
84%
The ____________ Life of ______-_ The Disastrous Life of Saiki K
82%
My Hero __________ My Hero Academia
80%
_____ Butler Black Butler
79%
Seven ______ Sins Seven Deadly Sins
78%
Jojos _______ Adventure Jojo's Bizarre Adventure
77%
Sword ___ Online Sword Art Online
77%
_____ Note Death Note
76%
One _____ One Piece
75%
_____ Exorcist Blue Exorcist
74%
______ Ball Dragon Ball
73%
_______ Kaisen Jujutsu Kaisen
72%
______ Shippuden Naruto Shippuden
71%
Sailor ____ Sailor Moon
69%
The ________ Neverland The Promised Neverland
68%
_________ Alchemist Fullmetal Alchemist
63%
Ble___ Bleach
62%
___Yasha InuYasha
62%
Yuri on ___ Yuri on Ice
62%
Yu__oh Yugioh
61%
______ x _______ Hunter x Hunter
60%
One ______ Man One Punch Man
60%
Black ______ Black Clover
59%
Fruits ______ Fruits Basket
59%
Assassination _________ Assassination Classroom
57%
Detective ______ Detective Conan
54%
Code ______ Code Geass
53%
Dr.______ Dr.Stone
52%
Fairy ____ Fairy Tale
51%
Love is ___ Love is War
51%
____ Name Your Name
51%
God of _________ God of Highschool
50%
Kake_____ Kakegurui
49%
Tokyo _____ Tokyo Ghoul
48%
____ Can't Communicate Komi Can't Communicate
47%
Re:____ Re:zero
47%
____ Eater Soul Eater
46%
_____ Revengers Tokyo Revengers
46%
Banana ____ Banana Fish
45%
My _____-__ Darling My Dress up Darling
45%
_______ Evergarden Violet Evergarden
45%
Bungo ______ Dogs Bungo Stray Dog
44%
Kill __ Kill Kill la Kill
43%
Highschool ___ Highschool DxD
42%
_______ Saga Vinland Saga
42%
Deadman ________ Deadman Wonderland
41%
Giv__ Given
41%
Clan___ Clannad
40%
_______ Bepbop Cowboy Bepbop
40%
Food ____ Food Wars
40%
___tama Gintama
40%
Hai____ Haikyuu
40%
Hori____ Horimiya
40%
_______ of the End Seraph of the End
40%
____ Lie in _______ Your Lie in April
40%
______ Diary Future Diary
35%
_____Suba KonoSuba
35%
Kuroko's ___________ Kuroko's Basketball
35%
____mon Pokemon
35%
Sk8 the ________ Sk8 the Infinity
34%
Made __ _______ Made in Abyss
32%
No ____ No ____ No Game No Life
27%
_______ in the ______ Ghost in the Shell
26%
Ghost __ ___ ______ Ghost in the Shell
26%
Ouran _________ Host Club Ouran Highschool Host Club
26%
Para_____ Parasyte
26%
Log _______ Log Horizon
23%
My ________ Totoro My Neighbor Totoro
22%
Prince of ______ Prince of Tennis
22%
Do____ Dororo
20%
Miss ____________ Dragon _____ Miss Kobayashi's Dragon Maid
20%
______ Crown Guilty Crown
19%
________ Champloo Samurai Champloo
18%
Neon ______ Evangelion Neon Genisis Evangelion
16%
Odd ____ Odd Taxi
16%
____lord Overlord
15%
Gurren ______ Gurren Laggen
13%
Snow ______ with Red _____ Snow White with Red Hair
11%
Steins ___ Steins Gates
11%
Mob ______ Mob Psyco
10%
No. _ No.6
10%
____-Sama Maid-Sama
9%
Bac___ Baccano
6%
A ______ Voice A Slient Voice
5%
____gami Norigami
5%
___ x ______ Sky x Family
4%
_____ the Mightiest Disciple Kenichi the Mightiest Disciple
2%
Legend of __________ _____ Legend of Galactic Heros
0%
No matching quizzes found
Score Distribution
Percent of People with Each Score
Percentile by Number Answered
Your Score History
You have not taken this quiz